Responses for Show #4495 - Friday, March 5, 2004

Contestants

[<< previous game]

Beth Graham, a library public relations manager from San Antonio, Texas

Phil York, a bus driver from Springfield, Virginia

Matt Fisher, an attorney from Indianapolis, Indiana (whose 1-day cash winnings total $28,001)

[next game >>]

Jeopardy! Round responses

VICE PRESIDENTS WHO BECAME PRESIDENT
PUGILISTIC SOBRIQUETS
CHILDREN'S LIT
FRAGRANCES
WHERE AM I?
HOMOPHONES
    $200 11
(Richard) Nixon

Matt
    $200 20
Muhammad Ali

Phil
    $200 10
Heidi

Phil
    $200 25
Coco Chanel

Matt
    $200 1
Philadelphia

Phil
    $200 3
gourd/gored

Matt
    $400 12
(Matt: Who is LBJ?)
(Alex: That's a picture of Betty Ford, yes.)

Gerald Ford

MattBeth
    $400 21
Mike Tyson

Phil
    $400 13
a mouse

Beth
    $400 27
Calvin Klein

Matt
    $400 2
Vermont

Beth
    $400 6
hall/haul

Phil
    $600 18
LBJ

Matt
    $600 22
"Boom Boom"

Matt
    $600 14
Narnia

Beth
    $600 28
Michael Jordan

Matt
    $600 4
Juneau, Alaska

Triple Stumper
    $600 7
knave/nave

Beth
    $800 19
George Herbert Walker Bush

Beth
    $800 23
Golden Boy

Triple Stumper
    $800 15
Robert Louis Stevenson

Beth
    $800 29
Polo

Phil
    $800 5
(Phil: What is Oahu?)

Kauai

PhilBeth
    $800 8
(Matt: What is a doe?)

fawn/faun

MattBeth
    $1,600 26
Theodore Roosevelt

Matt
    $1000 24
"Hit Man"

Phil
    $1000 16
Eric Carle

Triple Stumper
    $1000 30
Estee Lauder

Beth
    $1000 17
Tahoe

Matt
    $1000 9
coarse/course

Triple Stumper

Scores at the first commercial break (after clue 15):

Matt Phil Beth
-$800 $0 $4,800

Scores at the end of the Jeopardy! Round:

Matt Phil Beth
$4,200 $2,400 $6,600

Double Jeopardy! Round responses

INTO AFRICA
SINGERS' FIRST FILMS
WILDLIFE
A HEAD FOR BUSINESS
I LIKE "U"
SEW WHAT?
    $400 23
(Phil: What is Ethiopia?)

Libya

Phil
Triple Stumper
    $400 1
Elvis Presley

Beth
    $400 11
the Bering Strait

Matt
    $400 9
(Beth: What are potatoes or [*]?)

french fries

Beth
    $400 2
Uranus

Matt
    $400 7
magnetized

Beth
    $800 27
Kenya

Beth
    $800 14
Ice Cube

Triple Stumper
    $800 12
gorillas

Beth
    $800 22
panty hose

Phil
    $800 3
(Matt: What is ungate?)
(Phil: What is unguate?)
(Beth: What is ungent?)
(Alex: We're going to give you that one because there's not "uate", it's [*].)

unguent

MattPhilBeth
    $800 8
(Alex: The handy-dandy device seen here helps sewers [as in sewer pipes]...ha, ha....leave that in, please!)

thread a needle

Phil
    $1200 28
(Phil: What is Chad?)
(Beth: What is French Equatorial Africa?)

the Central African Republic

PhilBeth
Triple Stumper
    $1200 18
the Artist Known as Prince

Beth
    $1200 15
(Phil: What is the palmetto beetle?)

the Goliath beetle

MattPhil
    $1200 24
(Matt: What is Barron?)

Hyatt

MattBeth
    $1200 4
Ulster

Matt
    $1200 10
a blend

Matt
    $1600 29
(Matt: What is Libya?)
(Alex: Comes down in that big wedge shape.)

Algeria

Matt
Triple Stumper
    $1600 20
Reba McEntire

Matt
    $1600 16
(Matt: What is a ferret?)

ermine

Matt
Triple Stumper
    $1,000 25
(Beth: What is Vict...RCA Victor?)

Motorola

Beth
    $1600 5
Upjohn

Beth
    $1600 13
the hem

Matt
    $2000 30
Swaziland

Triple Stumper
    $2000 21
Harry Connick, Jr.

Beth
    $2000 17
lynx

Matt
    $2000 26
the Weinsteins

Matt
    $600 6
the Uncertainty Principle

Beth
    $2000 19
tucks

Phil

Scores at the end of the Double Jeopardy! Round:

Matt Phil Beth
$10,600 $2,400 $14,600

[wagering suggestions for these scores]

Final Jeopardy! Round responses

BOOKS
(Alex: By Ray Bradbury.)
PhilWhat is Farenheit 451?
$0
MattWhat is ?
$0
BethWhat [is] is Fahrenheit 451 ?
$6,601
Fahrenheit 451

Final scores:

Matt Phil Beth
$10,600 $2,400 $21,201
2nd place: $2,000 3rd place: $1,000 New champion: $21,201

Game dynamics:

Coryat scores:

Matt Phil Beth
$10,000 $2,400 $17,000
18 R
(including 1 DD),
6 W
10 R,
5 W
21 R
(including 1 DD),
2 W
(including 1 DD)

Combined Coryat: $29,400

[game clues] [game scores] [suggest correction]

Game tape date: 2003-12-03
The J! Archive is created by fans, for fans. Scraping, republication, monetization, and malicious use prohibited; this site may use cookies and collect identifying information. See terms. The Jeopardy! game show and all elements thereof, including but not limited to copyright and trademark thereto, are the property of Jeopardy Productions, Inc. and are protected under law. This website is not affiliated with, sponsored by, or operated by Jeopardy Productions, Inc. Join the discussion at JBoard.tv.